000 01016cam a22003257a 4500
003 CHAP
005 20220817041837.0
008 971013s1978 r 00010 d
010 _a26338
011 _a27310
035 _a31411
040 _cCHAP
082 _a633.71
_bI57 1978
111 0 0 _aInternational Tobacco Scientific Symposium
_d(1978 :
_cSofia)
_960071
245 0 _aProceedings
260 _aParis :
_bCORESTA,
_c1978
300 _a131 p
490 0 _aCORESTA information bulletin Special
590 _aBATCH-UPD
_b10
_c20130110
_lUCH01
_h0251
590 _aBATCH-UPD
_b10
_c20130110
_lUCH01
_h2130
590 _aBATCH-UPD
_b10
_c20130410
_lUCH01
_h1440
590 _aBATCH-UPD
_b10
_c20130914
_lUCH01
_h1055
590 _aCONVERSION
_b10
_c20130109
_lUCH01
_h1315
650 1 4 _aTabaco.
_9111196
650 1 4 _aTabaco
_xInvestigación.
_9111224
830 0 _aCORESTA information bulletin Special
901 _aBK
942 _cLIBRO
949 _a633.71 I57 1978
_bBC
_cLIBRO
_d33724000215828
_eLIBRO
_i31411
_si
999 _c26338
_d26338